<?xml version="1.0" encoding="UTF-8"?><?xml-stylesheet type="text/xsl" href="static/style.xsl"?><OAI-PMH xmlns="http://www.openarchives.org/OAI/2.0/" xmlns:xsi="http://www.w3.org/2001/XMLSchema-instance" xsi:schemaLocation="http://www.openarchives.org/OAI/2.0/ http://www.openarchives.org/OAI/2.0/OAI-PMH.xsd"><responseDate>2026-04-17T22:50:24Z</responseDate><request verb="GetRecord" identifier="oai:www.recercat.cat:10230/69603" metadataPrefix="marc">https://recercat.cat/oai/request</request><GetRecord><record><header><identifier>oai:recercat.cat:10230/69603</identifier><datestamp>2025-12-19T20:29:31Z</datestamp><setSpec>com_2072_6</setSpec><setSpec>col_2072_452954</setSpec></header><metadata><record xmlns="http://www.loc.gov/MARC21/slim" xmlns:dcterms="http://purl.org/dc/terms/" xmlns:xsi="http://www.w3.org/2001/XMLSchema-instance" xmlns:doc="http://www.lyncode.com/xoai" xsi:schemaLocation="http://www.loc.gov/MARC21/slim http://www.loc.gov/standards/marcxml/schema/MARC21slim.xsd">
   <leader>00925njm 22002777a 4500</leader>
   <datafield ind2=" " ind1=" " tag="042">
      <subfield code="a">dc</subfield>
   </datafield>
   <datafield ind2=" " ind1=" " tag="720">
      <subfield code="a">Ferrer Beltran, Eva</subfield>
      <subfield code="e">author</subfield>
   </datafield>
   <datafield ind2=" " ind1=" " tag="260">
      <subfield code="c">2025-02-13T12:31:16Z</subfield>
   </datafield>
   <datafield ind2=" " ind1=" " tag="260">
      <subfield code="c">2025-02-13T12:31:16Z</subfield>
   </datafield>
   <datafield ind2=" " ind1=" " tag="260">
      <subfield code="c">2024</subfield>
   </datafield>
   <datafield ind2=" " ind1=" " tag="520">
      <subfield code="a">Treball de Fi de Grau en Enginyeria Biomèdica. Curs 2023-2024</subfield>
   </datafield>
   <datafield ind2=" " ind1=" " tag="520">
      <subfield code="a">Tutors: César Acebes i Oscar Camara</subfield>
   </datafield>
   <datafield ind2=" " ind1=" " tag="520">
      <subfield code="a">Coronary artery disease (CAD) remains a significant cause of mortality, particularly in industrialized nations, contributing to a significant portion of deaths worldwide. Timely diagnosis and treatment are critical for mitigating its high morbidity and mortality rates. However, current diagnostic protocols in hospitals often suffer from inefficiencies and lengthy processes.
This Bachelor’s thesis aimed to optimize the CAD diagnosis workflow within the radiology department of Hospital de la Santa Creu i Sant Pau. The focus was on implementing methodologies for automatic case reporting and patient prioritization, specifically in the scheduling of coronary computed tomography angiography (CCTA) acquisitions and determining the order of CCTA reporting. This optimization was achieved in collaboration with clinical and technological experts from the institution. The implemented algorithms are rule-based, guided by clinical criteria from the literature and physicians. The prioritization of patients ensures that severe cases receive prompt attention, aiming to reduce diagnosis time. Additionally, the automatic generation of preliminary reports integrates clinical information and findings extracted from CCTA images through image analysis.
Implementing the optimized workflow for CAD diagnosis through simulation experiments demonstrated a potential reduction in diagnosis time for more severe cases and increased clinician satisfaction with the CAD diagnosis workflow and workload. This study highlights the transformative potential of automatic approaches in streamlining CAD diagnosis, offering promise for improved patient care outcomes in clinical practice.</subfield>
   </datafield>
   <datafield tag="653" ind2=" " ind1=" ">
      <subfield code="a">Treball de fi de grau – Curs 2023-2024</subfield>
   </datafield>
   <datafield tag="653" ind2=" " ind1=" ">
      <subfield code="a">Coronary Artery Disease (CAD)</subfield>
   </datafield>
   <datafield tag="653" ind2=" " ind1=" ">
      <subfield code="a">Coronary Computed Tomography Angiography (CCTA)</subfield>
   </datafield>
   <datafield tag="653" ind2=" " ind1=" ">
      <subfield code="a">Coronary Artery Disease Reporting and Data System (CAD-RADS)</subfield>
   </datafield>
   <datafield tag="653" ind2=" " ind1=" ">
      <subfield code="a">Automatic Reporting</subfield>
   </datafield>
   <datafield tag="653" ind2=" " ind1=" ">
      <subfield code="a">Prioritization</subfield>
   </datafield>
   <datafield ind2="0" ind1="0" tag="245">
      <subfield code="a">Enhanced prioritization and reporting for coronary artery disease diagnosis</subfield>
   </datafield>
</record></metadata></record></GetRecord></OAI-PMH>